000 00740nam a2200253 a 4500
001 55253
003 BD-RjUL
005 20211209080235.0
008 161115s1982 nyua 001 0 eng
020 _a0060409894
035 _a(BD-RjUL)55375
040 _aDLC
_cDLC
_dDLC
_dBD-RjUL
_beng
041 _aeng
082 0 0 _a512.13
_223
_bBRC 1982
100 1 _aBritton, Jack R.
_9164612
245 1 0 _aContemporary college algebra and trigonometry /
_cJack R. Britton and Ignacio Bello.
260 _aNew York :
_bHarper & Row,
_cc1982.
300 _ax, 681p. :
_bill. ;
_c24 cm.
500 _aIncludes index.
650 0 _aAlgebra.
_9164613
650 0 _aTrigonometry,plane
_9165882
700 1 _dBello, Ignacio.
_9164614
942 _2ddc
_cBK
999 _c55253
_d55253